[Event "Campeonato de Aragón de Ajedrez por Equ"]
[Site "Aragón"]
[Date "2016.03.19"]
[Round "8.26"]
[White "Solano Lasierra, Javier"]
[Black "Roque Sola, Jose Luis"]
[Result "1-0"]
[WhiteElo "2117"]
[BlackElo "2066"]
[PlyCount "65"]
[EventDate "2016.01.30"]
[WhiteTeam "L'Aurora Estadilla A"]
[BlackTeam "Agrupacion B"]

1. d4 e6 2. Nf3 Nf6 3. Bg5 Be7 4. Nbd2 b6 5. e4 d5 6. Bb5+ c6 7. Bd3 dxe4 8.
Nxe4 Qc7 9. Qe2 Bb7 10. O-O Nbd7 11. Rfe1 h6 12. Bh4 Nxe4 13. Bxe7 Ndf6 14. Ba3
Nd6 15. c4 O-O 16. c5 bxc5 17. Bxc5 Rfd8 18. Rac1 Nd5 19. g3 a5 20. a3 Ne8 21.
Ne5 Nef6 22. f4 Qc8 23. Qf3 Ba6 24. Bb1 Qb7 25. Rc2 Nd7 26. Nxd7 Rxd7 27. Rf2
Nf6 28. g4 g6 29. Qh3 Bc4 30. f5 exf5 31. gxf5 Rd5 32. Rg2 Qb3 33. Qxh6 1-0

[Event "Campeonato de Aragón de Ajedrez por Equ"]
[Site "Aragón"]
[Date "2016.03.19"]
[Round "8.27"]
[White "Roque Sola, Gisela"]
[Black "Pellicer Cerezuela, Miguel"]
[Result "1/2-1/2"]
[WhiteElo "2012"]
[BlackElo "2048"]
[PlyCount "56"]
[EventDate "2016.01.30"]
[WhiteTeam "Agrupacion B"]
[BlackTeam "L'Aurora Estadilla A"]

1. c4 e6 2. Nf3 d5 3. d4 c6 4. g3 Nf6 5. Bg2 dxc4 6. Ne5 Nbd7 7. Nxc4 Nb6 8.
Nxb6 Qxb6 9. O-O Be7 10. Na3 O-O 11. Nc4 Qb5 12. b3 Rd8 13. a4 Qh5 14. e4 Qxd1
15. Rxd1 b6 16. a5 bxa5 17. Nxa5 Bd7 18. Bf4 Be8 19. Rac1 Rdc8 20. Rc2 Nh5 21.
Be3 Bb4 22. Nc4 Rab8 23. Ra1 Rb7 24. e5 g6 25. Rca2 a5 26. Rc2 Ng7 27. Bd2 Nf5
28. Be3 Ra7 1/2-1/2

[Event "Campeonato de Aragón de Ajedrez por Equ"]
[Site "Aragón"]
[Date "2016.03.19"]
[Round "8.28"]
[White "Felez Casedas, Carlos"]
[Black "Serrat Claver, David"]
[Result "1/2-1/2"]
[WhiteElo "2012"]
[BlackElo "1815"]
[PlyCount "67"]
[EventDate "2016.01.30"]
[WhiteTeam "L'Aurora Estadilla A"]
[BlackTeam "Agrupacion B"]

1. e4 e5 2. Nf3 Nc6 3. Bc4 Bc5 4. c3 Nf6 5. d3 h6 6. O-O O-O 7. b4 Bd6 8. Nbd2
Ne7 9. Bb3 Ng6 10. Nc4 Qe7 11. Be3 b6 12. Nfd2 c6 13. Nxd6 Qxd6 14. Qc2 Ba6 15.
Bc4 Bxc4 16. Nxc4 Qe6 17. f4 exf4 18. Bxf4 Nxf4 19. Rxf4 d5 20. Nd2 Qd6 21.
Raf1 Rfe8 22. d4 Nxe4 23. Nxe4 Rxe4 24. Rxe4 dxe4 25. Qxe4 Qe6 26. Qxe6 fxe6
27. Rf3 a5 28. a3 axb4 29. axb4 Ra2 30. h4 Re2 31. Kh2 Re4 32. Kg3 e5 33. dxe5
Rxe5 34. Kf4 1/2-1/2

[Event "Cto Aragon Equipos 2016 Pref Gr I"]
[Site "Aragon"]
[Date "2016.03.19"]
[Round "8.29"]
[White "Planas Torrea, Francisco Javie"]
[Black "Jaques Burguete, Raul"]
[Result "1/2-1/2"]
[WhiteElo "2040"]
[BlackElo "2011"]
[PlyCount "112"]
[EventDate "2016.??.??"]
[EventType "team-tourn"]
[EventRounds "9"]
[WhiteTeam "Ejea"]
[BlackTeam "St. Casablanca D"]

1. e4 Nc6 2. d4 d5 3. Nc3 dxe4 4. d5 Ne5 5. Bf4 Ng6 6. Bg3 f5 7. Nh3 a6 8. Bc4
Nf6 9. Qd4 c5 10. Qd2 b5 11. Be2 e5 12. dxe6 Qxd2+ 13. Kxd2 Bxe6 14. Rad1 Be7
15. Kc1 O-O 16. Bd6 Rad8 17. Bxe7 Nxe7 18. Ng5 Bc8 19. a4 h6 20. Nh3 b4 21.
Rxd8 Rxd8 22. Nd1 Nfd5 23. Bc4 Kf8 24. Re1 Nb6 25. Bf1 Nxa4 26. f3 Bb7 27. Nf4
Rd6 28. Bc4 Nb6 29. Ne6+ Ke8 30. Nxc5 Nxc4 31. Nxb7 Rd7 32. Nc5 Rd5 33. Nb3
exf3 34. gxf3 f4 35. Re4 Ne3 36. Nxe3 fxe3 37. Rxe3 Kf7 38. Nd2 Nf5 39. Re4 a5
40. b3 Nd6 41. Rf4+ Ke6 42. Rg4 g5 43. h4 gxh4 44. Rxh4 h5 45. f4 Nb5 46. Ne4
Nc3 47. Nxc3 bxc3 48. Rh3 Rf5 49. Rxc3 Rxf4 50. Rh3 h4 51. Kd2 a4 52. bxa4 Rxa4
53. Kd3 Rg4 54. Ke3 Rg3+ 55. Rxg3 hxg3 56. Kf3 Kd5 1/2-1/2

[Event "Cto Aragon Equipos 2016 Pref Gr I"]
[Site "Aragon"]
[Date "2016.03.19"]
[Round "8.30"]
[White "Antonano Fedz-Quincoces, Aveli"]
[Black "Planas Torrea, Alberto"]
[Result "0-1"]
[WhiteElo "2006"]
[BlackElo "1967"]
[PlyCount "79"]
[EventDate "2016.??.??"]
[EventType "team-tourn"]
[EventRounds "9"]
[WhiteTeam "St. Casablanca D"]
[BlackTeam "Ejea"]

1. Nf3 f5 2. g3 Nf6 3. Bg2 e6 4. O-O d5 5. d4 Bd6 6. c4 c6 7. b3 Qe7 8. Bb2
Nbd7 9. Ne5 Bxe5 10. dxe5 Ng4 11. Ba3 Qf7 12. cxd5 exd5 13. Nc3 Ngxe5 14. Qd4
Qf6 15. Rad1 Ng4 16. Qd3 Nb6 17. f4 Be6 18. h3 Nh6 19. Bc5 Nd7 20. Bd4 Qf7 21.
Qe3 O-O 22. Bxa7 Rfe8 23. Na4 Nf6 24. Bd4 Ne4 25. Bxe4 fxe4 26. g4 Qg6 27. Rf2
b5 28. Nc5 Rxa2 29. Rg2 Bc8 30. Rf1 Nf7 31. f5 Qd6 32. g5 Ne5 33. Qf4 Rc2 34.
f6 Rf8 35. Bxe5 Qxc5+ 36. Kh2 Rf7 37. Bd6 Qc3 38. Qh4 g6 39. Qh6 Qb2 40. Rff2
0-1

[Event "Cto Aragon Equipos 2016 Pref Gr I"]
[Site "Aragon"]
[Date "2016.03.19"]
[Round "8.31"]
[White "Merin Flores, Miguel Angel"]
[Black "Alvarez Gonzalo, Miguel Angel"]
[Result "0-1"]
[WhiteElo "1747"]
[BlackElo "1896"]
[PlyCount "72"]
[EventDate "2016.??.??"]
[EventType "team-tourn"]
[EventRounds "9"]
[WhiteTeam "Ejea"]
[BlackTeam "St. Casablanca D"]

1. d4 Nf6 2. Nf3 e6 3. Bg5 Be7 4. e3 b6 5. Bd3 Bb7 6. O-O O-O 7. c4 h6 8. Bh4
Ne4 9. Bxe7 Qxe7 10. Nc3 f5 11. Re1 d6 12. Rc1 Nd7 13. Ne2 e5 14. Qc2 Ndf6 15.
Nh4 Qd7 16. Ng6 Rfe8 17. f3 Qf7 18. Nh4 Qh5 19. d5 Qxh4 20. g3 Qg5 21. fxe4
fxe4 22. Nc3 exd3 23. Qxd3 e4 24. Qd2 a6 25. Rf1 Ng4 26. Rf4 Qg6 27. Rcf1 Re7
28. Ne2 Rae8 29. Nd4 Ne5 30. Kg2 Nxc4 31. Qc3 Bxd5 32. Nf5 Rf7 33. Nh4 Qh5 34.
Rf5 Rxf5 35. Rxf5 Qe2+ 36. Rf2 Nxe3+ 0-1

[Event "Cto Aragon Equipos 2016 Pref Gr I"]
[Site "Aragon"]
[Date "2016.03.19"]
[Round "8.32"]
[White "Arjol Lopez, Daniel"]
[Black "Galvez Longas, Isaac"]
[Result "1-0"]
[WhiteElo "1836"]
[BlackElo "1715"]
[PlyCount "104"]
[EventDate "2016.??.??"]
[EventType "team-tourn"]
[EventRounds "9"]
[WhiteTeam "St. Casablanca D"]
[BlackTeam "Ejea"]

1. e4 d5 2. exd5 Qxd5 3. Nc3 Qa5 4. Bc4 Nf6 5. d3 c6 6. Bd2 Qc7 7. Qe2 Bg4 8.
Nf3 e6 9. h3 Bh5 10. g4 Bg6 11. O-O-O Bb4 12. Ne5 Qe7 13. h4 h6 14. Nxg6 fxg6
15. Bxe6 Na6 16. g5 Nh5 17. Qe4 Nc5 18. Qxg6+ Kd8 19. Qxh5 Nxe6 20. Rhe1 Bxc3
21. Bxc3 Kd7 22. g6 Qd6 23. Qg4 Qf4+ 24. Qxf4 Nxf4 25. Bxg7 Rhg8 26. Bxh6 Nxg6
27. Bg5 Rh8 28. Re4 Raf8 29. Rf1 Rf3 30. Kd1 Rh3 31. Ke2 Re8 32. Rxe8 Kxe8 33.
Rg1 Kf7 34. Rg3 Rh1 35. Rf3+ Kg7 36. a3 Nxh4 37. Bxh4 Rxh4 38. Ke3 Rh1 39. Rf4
Kg6 40. Kd4 Rh8 41. b3 c5+ 42. Kc4 Rh7 43. f3 b6 44. b4 Kg5 45. Rf8 cxb4 46.
axb4 Rc7+ 47. Kb3 Kg6 48. c4 Kg7 49. Rf5 Rd7 50. Rd5 Rf7 51. Kc3 Kg6 52. Rd6+
Kh5 1-0

[Event "Cto Aragon Equipos 2016 Pref Gr I"]
[Site "Aragon"]
[Date "2016.03.19"]
[Round "8.33"]
[White "Sierra Aguerri, Joaquin"]
[Black "Cifuentes Parada, Roberto"]
[Result "0-1"]
[WhiteElo "2059"]
[BlackElo "2469"]
[PlyCount "86"]
[EventDate "2016.??.??"]
[EventType "team-tourn"]
[EventRounds "9"]
[WhiteTeam "Tauste"]
[BlackTeam "Jaque"]

1. e4 c5 2. Nc3 e6 3. f4 d5 4. Bb5+ Bd7 5. Qe2 d4 6. Nb1 Nf6 7. Nf3 Nc6 8. O-O
Be7 9. a4 O-O 10. d3 Qc7 11. Na3 a6 12. Bxc6 Bxc6 13. Nc4 b5 14. Nce5 Bb7 15.
Bd2 Nd7 16. Qe1 f6 17. Nxd7 Qxd7 18. a5 Rac8 19. Qg3 c4 20. h4 cxd3 21. cxd3
Rc2 22. Rac1 Rfc8 23. h5 f5 24. h6 Bf6 25. Rxc2 Rxc2 26. e5 Bd8 27. Rf2 Bxf3
28. Qxf3 g6 29. Bb4 Rc1+ 30. Rf1 Rc8 31. Qf2 Qd5 32. Qf3 Qxf3 33. Rxf3 Kf7 34.
Rf2 g5 35. g4 fxg4 36. fxg5+ Kg6 37. Kg2 Bxg5 38. Kg3 Rc1 39. Kxg4 Rg1+ 40. Kf3
Bxh6 41. Rc2 Rf1+ 42. Ke2 Rc1 43. Rc5 Kf5 0-1

[Event "Cto Aragon Equipos 2016 Pref Gr I"]
[Site "Aragon"]
[Date "2016.03.19"]
[Round "8.34"]
[White "Gonzalez Gambau, Jorge"]
[Black "Fernandez Rubio, Rafael"]
[Result "0-1"]
[WhiteElo "2126"]
[BlackElo "2042"]
[PlyCount "148"]
[EventDate "2016.??.??"]
[EventType "team-tourn"]
[EventRounds "9"]
[WhiteTeam "Jaque"]
[BlackTeam "Tauste"]

1. e4 d6 2. d4 Nf6 3. Nc3 Nbd7 4. Nf3 e5 5. Bc4 Be7 6. O-O O-O 7. Bg5 c6 8. a4
b6 9. Qe2 a6 10. Rfd1 Qc7 11. Ba2 Bb7 12. Nh4 exd4 13. Rxd4 Rfe8 14. Nf5 Bf8
15. Qf3 c5 16. Qg3 Nh5 17. Qg4 Ndf6 18. Bxf6 Nxf6 19. Qg5 cxd4 20. Nh6+ Kh8 21.
Nxf7+ Qxf7 22. Bxf7 Re5 23. Qd2 dxc3 24. Qxc3 Rc8 25. Qb3 b5 26. f3 Rc7 27. c3
g6 28. axb5 Rxb5 29. Qa2 Rbc5 30. Be6 Nh5 31. Rd1 Nf4 32. Bd5 Nxd5 33. exd5 Re7
34. Qb3 Rb5 35. Qc2 Bg7 36. b3 Re3 37. Rd3 Rxd3 38. Qxd3 Rxd5 39. Qe3 h6 40.
Qe7 Rb5 41. Qxd6 Kh7 42. b4 Bxc3 43. Qc7+ Bg7 44. Qe7 Bc8 45. Qd6 h5 46. Kf2
Bb7 47. Qe7 Bc8 48. Qd6 Bf5 49. h3 h4 50. Qf4 Bf6 51. Qc7+ Kh6 52. Qd6 Bc3 53.
Qf4+ g5 54. Qd6+ Bg6 55. Qf8+ Kh5 56. Qc8 Bd4+ 57. Ke2 Rxb4 58. Qxa6 Rb2+ 59.
Kf1 Rf2+ 60. Ke1 Rxg2 61. Qc4 Bg7 62. Kf1 Rg3 63. Kf2 Kh6 64. Qe6 Bd4+ 65. Kf1
Rxf3+ 66. Kg2 Rf2+ 67. Kh1 Rf6 68. Qe7 Bd3 69. Kh2 Bf1 70. Kh1 Bb5 71. Qe4 Bc6
72. Kh2 Rf2+ 73. Kg1 Rg2+ 74. Kh1 Rc2 0-1

[Event "Cto Aragon Equipos 2016 Pref Gr I"]
[Site "Aragon"]
[Date "2016.03.19"]
[Round "8.35"]
[White "Sancho Casale, Jesus"]
[Black "Escartin Lacasa, Jose"]
[Result "1/2-1/2"]
[WhiteElo "1997"]
[BlackElo "1841"]
[PlyCount "68"]
[EventDate "2016.??.??"]
[EventType "team-tourn"]
[EventRounds "9"]
[WhiteTeam "Tauste"]
[BlackTeam "Jaque"]

1. c4 c6 2. g3 d5 3. Bg2 Nf6 4. Nf3 g6 5. b3 Bg7 6. Bb2 O-O 7. O-O e6 8. d3
Nbd7 9. Nbd2 b6 10. Rc1 Bb7 11. Rc2 Rc8 12. Qa1 Qe7 13. Rfc1 Rfd8 14. a3 c5 15.
d4 dxc4 16. dxc5 Nxc5 17. b4 Bxf3 18. bxc5 Bxg2 19. Kxg2 Rxc5 20. Ne4 Nxe4 21.
Bxg7 f6 22. Rxc4 Qb7 23. f3 Kxg7 24. Rxe4 Qd5 25. Rxc5 bxc5 26. Qc3 Rb8 27. Rc4
Rc8 28. e4 Qe5 29. Qxe5 fxe5 30. Kf2 Kf6 31. Ke3 Ke7 32. Ra4 Rc7 33. Kd3 Kd7
34. Kc4 Kc6 1/2-1/2

[Event "Cto Aragon Equipos 2016 Pref Gr I"]
[Site "Aragon"]
[Date "2016.03.19"]
[Round "8.36"]
[White "Buisan Zaharia, Pedro"]
[Black "Muro Turon, Raul"]
[Result "0-1"]
[WhiteElo "1584"]
[BlackElo "1909"]
[PlyCount "79"]
[EventDate "2016.??.??"]
[EventType "team-tourn"]
[EventRounds "9"]
[WhiteTeam "Jaque"]
[BlackTeam "Tauste"]

1. d4 Nf6 2. Nf3 d5 3. Bf4 c5 4. e3 Nc6 5. c3 Qb6 6. Qc1 Bf5 7. Nbd2 cxd4 8.
exd4 e6 9. Be2 Be7 10. h3 O-O 11. O-O Rac8 12. Re1 h6 13. Nf1 Ne4 14. Ne3 Bh7
15. Ng4 Nd6 16. Nge5 Nxe5 17. Nxe5 Rfd8 18. Bd3 Bxd3 19. Nxd3 Ne4 20. f3 Nd6
21. Kh1 Nf5 22. Be3 Bh4 23. Rd1 Ng3+ 24. Kh2 Nf5 25. Qd2 Nd6 26. b3 Qc7 27.
Rac1 Nc4+ 28. Bf4 Nxd2 29. Bxc7 Nxf3+ 30. gxf3 Rxc7 31. Ne5 Bg5 32. Rc2 Bf4+
33. Kg2 Bxe5 34. dxe5 Rdc8 35. Rdc1 b5 36. Kg3 a5 37. Kf4 Kf8 38. Ke3 Ke7 39.
Kd4 h5 40. Rb2 0-1

[Event "Cto Aragon Equipos 2016 Pref Gr I"]
[Site "Aragon"]
[Date "2016.03.19"]
[Round "8.37"]
[White "Palacios Herrero, Pablo"]
[Black "Soriano Ascaso, Ignacio"]
[Result "0-1"]
[WhiteElo "2149"]
[BlackElo "2140"]
[PlyCount "108"]
[EventDate "2016.??.??"]
[EventType "team-tourn"]
[EventRounds "9"]
[WhiteTeam "Palacio de Pioneros A"]
[BlackTeam "Sabiñanigo"]

1. e4 d5 2. exd5 Qxd5 3. Nc3 Qd6 4. d4 Nf6 5. Nf3 g6 6. Bc4 Bg7 7. Bg5 a6 8.
O-O O-O 9. Qe2 Bg4 10. d5 Nbd7 11. Rfe1 b5 12. Bb3 Rfe8 13. a3 c5 14. dxc6 Qxc6
15. Ne5 Nxe5 16. Qxe5 h6 17. Bxf6 exf6 18. Qd5 Qc7 19. Qd3 Bf5 20. Qf3 Rad8 21.
Nd5 Qd6 22. Ne3 Be4 23. Qg3 f5 24. Rad1 Qxg3 25. hxg3 Bxb2 26. a4 Bc3 27. Rxd8
Rxd8 28. Rd1 Rxd1+ 29. Nxd1 Bd4 30. axb5 axb5 31. Kf1 Kf8 32. f3 Bc6 33. Nf2 b4
34. Nd3 Bb5 35. Ke1 Bxd3 36. cxd3 Ke7 37. Ke2 g5 38. g4 f4 39. Kd2 Kf6 40. Kc2
Bc3 41. Bd5 Kg6 42. Kb3 f5 43. gxf5+ Kxf5 44. Bf7 g4 45. fxg4+ Kxg4 46. d4 Kg3
47. Bd5 h5 48. Be4 Kf2 49. d5 Ke3 50. Bf3 h4 51. Bg4 Kf2 52. Bh3 Kg3 53. d6 f3
54. d7 Bf6 0-1

[Event "Cto Aragon Equipos 2016 Pref Gr I"]
[Site "Aragon"]
[Date "2016.03.19"]
[Round "8.38"]
[White "Climente Martinez, Jose Luis"]
[Black "Romero Pallares, Daniel"]
[Result "0-1"]
[WhiteElo "1924"]
[BlackElo "2135"]
[PlyCount "102"]
[EventDate "2016.??.??"]
[EventType "team-tourn"]
[EventRounds "9"]
[WhiteTeam "Sabiñanigo"]
[BlackTeam "Palacio de Pioneros A"]

1. d4 g6 2. e4 Bg7 3. Nc3 d6 4. Nf3 Nf6 5. h3 O-O 6. Be3 c6 7. a4 d5 8. e5 Ne4
9. Nxe4 dxe4 10. Ng5 c5 11. dxc5 Qc7 12. Bc4 Nc6 13. e6 f5 14. c3 f4 15. Bd4
Nxd4 16. cxd4 Rd8 17. Nxe4 Rxd4 18. Qe2 Qa5+ 19. Nd2 f3 20. gxf3 b5 21. Bxb5
Rb8 22. Rd1 Bh6 23. b3 Bb7 24. c6 a6 25. Qe5 Rxd2 26. O-O Rbd8 27. Rxd2 Qxd2
28. cxb7 Bf4 29. Qc5 Bd6 30. Qc4 axb5 31. axb5 Qg5+ 32. Kh1 Qe5 33. f4 Qxf4 34.
Qxf4 Bxf4 35. Ra1 Rb8 36. Ra4 Bd6 37. Ra7 Kg7 38. Kg2 Kf6 39. Kf3 Bc5 40. Ra6
Rxb7 41. Rc6 Rxb5 42. Ke4 Bxf2 43. Rc3 Kxe6 44. Kd3 Kd5 45. Ke2 Bd4 46. Rc7 Bf6
47. Rd7+ Kc5 48. Rd3 Kb4 49. Kd2 Ka3 50. Kc2 Rc5+ 51. Kd2 Rg5 0-1

[Event "Cto Aragon Equipos 2016 Pref Gr I"]
[Site "Aragon"]
[Date "2016.03.19"]
[Round "8.39"]
[White "Echarte Buil, Oscar"]
[Black "Garcia Estruch, Jorge"]
[Result "1/2-1/2"]
[WhiteElo "2118"]
[BlackElo "1883"]
[PlyCount "67"]
[EventDate "2016.??.??"]
[EventType "team-tourn"]
[EventRounds "9"]
[WhiteTeam "Palacio de Pioneros A"]
[BlackTeam "Sabiñanigo"]

1. c4 e5 2. g3 f5 3. Bg2 Nf6 4. Nc3 d6 5. e3 g6 6. d4 Nbd7 7. Nge2 Bg7 8. dxe5
Nxe5 9. O-O O-O 10. b3 Kh8 11. Bb2 Rb8 12. Qd2 a6 13. f4 Ned7 14. e4 Qe7 15.
exf5 gxf5 16. Nd4 Nb6 17. Rfe1 Qf7 18. Re2 Bd7 19. Rae1 Qg6 20. Ne6 Rf7 21.
Nxc7 Bc6 22. Bxc6 bxc6 23. Qxd6 Bf8 24. Qxc6 Rc8 25. Qxb6 Rcxc7 26. Kh1 Kg8 27.
Na4 Bg7 28. Nc5 h5 29. Ne6 Rce7 30. Nxg7 Rxe2 31. Rxe2 Qg4 32. Re6 Qd1+ 33. Qg1
Qf3+ 34. Qg2 1/2-1/2

[Event "Cto Aragon Equipos 2016 Pref Gr I"]
[Site "Aragon"]
[Date "2016.03.19"]
[Round "8.40"]
[White "Escartin Buisan, Francisco Jav"]
[Black "Baquedano Coarasa, Pablo"]
[Result "0-1"]
[WhiteElo "1815"]
[BlackElo "2031"]
[PlyCount "96"]
[EventDate "2016.??.??"]
[EventType "team-tourn"]
[EventRounds "9"]
[WhiteTeam "Sabiñanigo"]
[BlackTeam "Palacio de Pioneros A"]

1. c4 e5 2. Nc3 Nc6 3. g3 f5 4. Bg2 Nf6 5. e3 g6 6. Nge2 Bg7 7. O-O O-O 8. b3
d6 9. Bb2 Ne7 10. d4 e4 11. h3 g5 12. Qd2 Ng6 13. f4 exf3 14. Bxf3 Re8 15. Rae1
c6 16. Bg2 h5 17. Nc1 d5 18. Nd3 Ne4 19. Nxe4 dxe4 20. Nc1 Qd6 21. Ne2 Be5 22.
c5 Qd8 23. Rd1 Bc7 24. d5 cxd5 25. Qxd5+ Qxd5 26. Rxd5 Be6 27. Rd2 Rf8 28. Rc2
Ne5 29. Bxe5 Bxe5 30. Kh2 Rfd8 31. b4 Rd3 32. c6 Rc8 33. Nd4 Bxd4 34. cxb7 Rb8
35. exd4 Rxd4 36. Rc6 Kf7 37. Rc7+ Kf6 38. b5 Bd5 39. Rd7 Ke6 40. Rh7 Rxb7 41.
Rxh5 Rg7 42. Rh6+ Ke5 43. Rh8 Rd2 44. Kg1 Rc7 45. Re8+ Be6 46. Rf2 e3 47. Rxd2
exd2 48. Rd8 Rc1+ 0-1

[Event "Cto Aragon Equipos 2016 Pref Gr I"]
[Site "Aragon"]
[Date "2016.03.19"]
[Round "8.41"]
[White "Accattato Martin, Nicola"]
[Black "Hefty, Jorge W"]
[Result "0-1"]
[WhiteElo "2000"]
[BlackElo "2352"]
[PlyCount "40"]
[EventDate "2016.??.??"]
[EventType "team-tourn"]
[EventRounds "9"]
[WhiteTeam "Monsalud"]
[BlackTeam "IberCaja B"]

1. a3 g6 2. e4 c5 3. f4 Bg7 4. Nf3 Nf6 5. Nc3 O-O 6. Bc4 Nxe4 7. Nxe4 d5 8. Qe2
dxc4 9. Qxc4 b6 10. O-O Ba6 11. Qb3 Bxf1 12. Kxf1 Nc6 13. Nfg5 Nd4 14. Qh3 h6
15. c3 Nb3 16. Rb1 e5 17. d4 Qc8 18. dxe5 hxg5 19. g4 Rd8 20. f5 Qa6+ 0-1

[Event "Cto Aragon Equipos 2016 Pref Gr I"]
[Site "Aragon"]
[Date "2016.03.19"]
[Round "8.42"]
[White "Jimenez Fernandez, Alejandro"]
[Black "Soriano Gracia, Manuel"]
[Result "1/2-1/2"]
[WhiteElo "1984"]
[BlackElo "1856"]
[PlyCount "60"]
[EventDate "2016.??.??"]
[EventType "team-tourn"]
[EventRounds "9"]
[WhiteTeam "IberCaja B"]
[BlackTeam "Monsalud"]

1. d4 d5 2. c4 Nf6 3. Nc3 c6 4. Nf3 dxc4 5. a4 Bf5 6. e3 e6 7. Bxc4 Bb4 8. O-O
O-O 9. Qe2 Bg6 10. Bd2 Qe7 11. Ne5 Nbd7 12. Nxg6 hxg6 13. f3 Rfd8 14. Rfd1 Rac8
15. e4 Nb6 16. Be3 c5 17. dxc5 Bxc5 18. Bd3 e5 19. a5 Na8 20. a6 Nc7 21. axb7
Rb8 22. Qf2 Ne6 23. Ba6 Rxd1+ 24. Nxd1 Bxe3 25. Qxe3 Nc5 26. Qa3 Qd6 27. Rc1
Nxb7 28. Qxd6 Nxd6 29. Rc7 Rd8 30. Nc3 Rd7 1/2-1/2

[Event "Cto Aragon Equipos 2016 Pref Gr I"]
[Site "Aragon"]
[Date "2016.03.19"]
[Round "8.43"]
[White "Moreno Martin-Viveros, Alvaro"]
[Black "Garcia Monterde, Francisco Jos"]
[Result "1/2-1/2"]
[WhiteElo "1777"]
[BlackElo "1949"]
[PlyCount "109"]
[EventDate "2016.??.??"]
[EventType "team-tourn"]
[EventRounds "9"]
[WhiteTeam "Monsalud"]
[BlackTeam "IberCaja B"]

1. Nf3 Nf6 2. g3 d5 3. d3 Bg4 4. Nbd2 Nbd7 5. Bg2 c6 6. b3 e6 7. Bb2 Be7 8. O-O
O-O 9. Qe1 Qa5 10. a3 b5 11. e4 Bxf3 12. Nxf3 Qxe1 13. Rfxe1 Nb6 14. Nd4 Rac8
15. e5 Nfd7 16. f4 Bc5 17. Kh1 Bxd4 18. Bxd4 c5 19. Bf2 c4 20. dxc4 bxc4 21. b4
Ra8 22. Bd4 a5 23. c3 Ra7 24. Reb1 a4 25. Bf3 Ra6 26. Bd1 g6 27. Bc2 h5 28. Rf1
Kg7 29. h3 Rh8 30. Kg2 Raa8 31. Rf3 Rac8 32. Raf1 Rb8 33. g4 hxg4 34. hxg4 Rh4
35. Rg3 Rbh8 36. Kf3 Rh2 37. Rf2 R8h3 38. Rxh2 Rxh2 39. Rg2 Rh1 40. Rg1 Rh2 41.
Rg2 Rh1 42. Bg1 Rh3+ 43. Rg3 Rh1 44. Kg2 Rh4 45. Bd1 Rh8 46. Bd4 Ra8 47. Bc2
Ra6 48. Kf2 Nc8 49. Ke3 Na7 50. Bxa7 Rxa7 51. Kd4 Ra8 52. Rh3 Ra6 53. g5 Ra8
54. Rh1 Ra7 55. Rh2 1/2-1/2

[Event "Cto Aragon Equipos 2016 Pref Gr I"]
[Site "Aragon"]
[Date "2016.03.19"]
[Round "8.44"]
[White "Millan Martin, Alfonso"]
[Black "Urriolabeitia Rodrigo, Ander"]
[Result "1-0"]
[WhiteElo "1750"]
[BlackElo "1591"]
[PlyCount "83"]
[EventDate "2016.??.??"]
[EventType "team-tourn"]
[EventRounds "9"]
[WhiteTeam "IberCaja B"]
[BlackTeam "Monsalud"]

1. c4 e5 2. Nc3 Nf6 3. g3 g6 4. Bg2 Bg7 5. Nf3 Nc6 6. O-O O-O 7. d3 h6 8. Rb1
d6 9. b4 a6 10. a4 Rb8 11. b5 axb5 12. axb5 Ne7 13. Qb3 Be6 14. Ba3 Qd7 15. Qb4
Rfd8 16. Nxe5 dxe5 17. Qxe7 Qxe7 18. Bxe7 Rd7 19. Bb4 Ne8 20. Ra1 f5 21. Bd5
Bxd5 22. Nxd5 Nd6 23. Bxd6 cxd6 24. Ra7 e4 25. Rd1 Kf7 26. Kf1 Re8 27. Rd2 Bd4
28. Ra4 e3 29. fxe3 Bxe3 30. Rda2 Bd4 31. Ra8 Rdd8 32. Nc7 Rxa8 33. Rxa8 Rxa8
34. Nxa8 Kf6 35. Nc7 g5 36. h3 f4 37. g4 Ke7 38. Kg2 Kd7 39. Nd5 Ke6 40. Kf3
Ke5 41. Ne7 Ke6 42. Nf5 1-0

[Event "Cto Aragon Equipos 2016 Pref Gr I"]
[Site "Aragon"]
[Date "2016.03.19"]
[Round "8.45"]
[White "Sanmartin Agustin, Borja"]
[Black "Hinojar Basa, Alfonso"]
[Result "0-1"]
[WhiteElo "2016"]
[BlackElo "2196"]
[PlyCount "56"]
[EventDate "2016.??.??"]
[EventType "team-tourn"]
[EventRounds "9"]
[WhiteTeam "El Olivar C"]
[BlackTeam "Marcos Frechin"]

1. e4 e6 2. d4 d5 3. Nc3 Bb4 4. Nge2 Nc6 5. a3 Ba5 6. Be3 Nge7 7. Qd3 O-O 8. e5
Nf5 9. h4 f6 10. exf6 Qxf6 11. Bg5 Qf7 12. O-O-O e5 13. dxe5 d4 14. Ne4 Nxe5
15. Qb5 Qa2 16. Qb3+ Qxb3 17. cxb3 Bb6 18. Bf4 Ng4 19. f3 Nge3 20. Rd3 Nxf1 21.
Rxf1 Nxh4 22. g3 Ng6 23. Nxd4 Nxf4 24. gxf4 Rxf4 25. b4 Bh3 26. Rf2 Rd8 27.
Rfd2 Bf1 28. Ne6 Bxd3 0-1

[Event "Cto Aragon Equipos 2016 Pref Gr I"]
[Site "Aragon"]
[Date "2016.03.19"]
[Round "8.46"]
[White "Fuster Garcia, Luis"]
[Black "De La Riva Fernandez, Eduardo"]
[Result "1-0"]
[WhiteElo "2167"]
[BlackElo "1922"]
[PlyCount "118"]
[EventDate "2016.??.??"]
[EventType "team-tourn"]
[EventRounds "9"]
[WhiteTeam "Marcos Frechin"]
[BlackTeam "El Olivar C"]

1. e4 e6 2. Nf3 c5 3. d4 cxd4 4. c3 Nc6 5. cxd4 d5 6. exd5 exd5 7. Nc3 Bb4 8.
Bd3 Nge7 9. O-O Bf5 10. Bxf5 Nxf5 11. Re1+ Nfe7 12. Bg5 f6 13. Bf4 O-O 14. Qb3
Bxc3 15. bxc3 Ng6 16. Bg3 Qd7 17. Rab1 b6 18. Qb5 Rfe8 19. Nd2 Rxe1+ 20. Rxe1
Nce5 21. Qb1 Nc6 22. Nf1 Rc8 23. Ne3 Na5 24. Qd3 Ne7 25. Nd1 Ng6 26. Qf3 Nc4
27. Ne3 Ne7 28. Nxc4 dxc4 29. Bf4 Ng6 30. Qe4 Nxf4 31. Qxf4 Re8 32. Re3 Rxe3
33. Qxe3 Kf7 34. Qe2 Qe6 35. Qh5+ Kg8 36. Kf1 g6 37. Qf3 a5 38. h4 f5 39. h5
gxh5 40. Qxh5 Qe4 41. Qg5+ Kf8 42. Qd8+ Kg7 43. Qc7+ Kg6 44. Qxc4 Qb1+ 45. Ke2
Qe4+ 46. Kd1 Qg4+ 47. f3 Qf4 48. Qe6+ Kh5 49. Ke2 Qg5 50. Qf7+ Kh6 51. Qe6+ Kh5
52. Qe8+ Kh6 53. Qe3 f4 54. Qe6+ Kg7 55. Qe5+ Kh6 56. Qxg5+ Kxg5 57. Kd3 b5 58.
Ke4 b4 59. cxb4 axb4 1-0

[Event "Cto Aragon Equipos 2016 Pref Gr I"]
[Site "Aragon"]
[Date "2016.03.19"]
[Round "8.47"]
[White "Hernandez Delgado, Gabriel"]
[Black "Ciriano Lamban, Alejandro"]
[Result "0-1"]
[WhiteElo "1905"]
[BlackElo "2004"]
[PlyCount "68"]
[EventDate "2016.??.??"]
[EventType "team-tourn"]
[EventRounds "9"]
[WhiteTeam "El Olivar C"]
[BlackTeam "Marcos Frechin"]

1. Nf3 Nf6 2. g3 g6 3. Bg2 Bg7 4. O-O O-O 5. d3 d6 6. e4 c5 7. c3 Nc6 8. Re1 e5
9. Nbd2 Rb8 10. a3 b5 11. b4 Qb6 12. Rb1 cxb4 13. axb4 Be6 14. h3 h6 15. Nb3 a5
16. Be3 Qc7 17. Nxa5 Nxa5 18. bxa5 Qxa5 19. Qd2 Rfc8 20. Rec1 Kh7 21. Rb4 Nd7
22. d4 Nb6 23. d5 Bd7 24. Bxb6 Qxb6 25. Bf1 Qc5 26. Qe3 f5 27. Bd3 f4 28. Qxc5
dxc5 29. Rb2 fxg3 30. fxg3 c4 31. Bf1 Ra8 32. Kh2 Ra3 33. h4 Rf8 34. Ne1 Rxf1
0-1

[Event "Cto Aragon Equipos 2016 Pref Gr I"]
[Site "Aragon"]
[Date "2016.03.19"]
[Round "8.48"]
[White "Santos Morales, Julio Cesar"]
[Black "Sarto Ramos, Angel"]
[Result "1/2-1/2"]
[WhiteElo "1851"]
[BlackElo "1880"]
[PlyCount "85"]
[EventDate "2016.??.??"]
[EventType "team-tourn"]
[EventRounds "9"]
[WhiteTeam "Marcos Frechin"]
[BlackTeam "El Olivar C"]

1. d4 Nf6 2. Nf3 g6 3. Bf4 d6 4. e3 Bg7 5. Be2 O-O 6. O-O Nh5 7. Bg5 c5 8. c3
h6 9. Bh4 b6 10. Nfd2 Ba6 11. Bxh5 Bxf1 12. Bf3 Bxg2 13. Bxg2 d5 14. Na3 Qd7
15. Qf3 e6 16. Bf6 Nc6 17. Rd1 cxd4 18. exd4 Bxf6 19. Qxf6 Qe7 20. Qf4 Qg5 21.
Qd6 Rac8 22. Nf3 Rfd8 23. Qg3 Qxg3 24. fxg3 a6 25. Nc2 b5 26. Bf1 Rb8 27. Ne5
Nxe5 28. dxe5 Rdc8 29. Nd4 Rc7 30. Rd2 Rb6 31. Kf2 Kg7 32. Ke3 Rcb7 33. Nb3 f6
34. exf6+ Kxf6 35. Nd4 e5 36. Nb3 Rd6 37. Bg2 Ke6 38. Bh3+ Kf6 39. Bg2 Ke6 40.
Bh3+ Kf6 41. Bg2 Re6 42. Bf3 e4 43. Be2 1/2-1/2